00410nam a22001457a 450000500170000000800410001702000170005804100080007508200190008310000320010224500300013426000650016430000080022965000270023720180206151040.0160428b xxu||||| |||| 00| 0 eng d a981-240218-7 aeng b00562a005.432 aDent. Jack and Gaddis, Tony aGuide to Unix Using Linux aNew DelhibThomsm Learning Published by Vikash House, c2001 a552 aInformation Technology